000 01301nam a22003977a 4500
001 000015811
003 CHAP
005 20220329134046.0
008 971013s r 00010 d
010 _a14772
011 _a15744
035 _a19821
040 _cCHAP
082 _a633.2
_bH47c
100 0 0 _aHernández Xolocotzi, Efraím.
_954753
245 0 _aContribuciones la conocimiento del manejo de los pastizales nativos en México.
260 _a(s.l.) :
_b(s.e.),
_c(s.a.).
300 _a358 p.
500 _aMimeógrafo
530 _aTambien disponible en línea
590 _aBATCH-UPD
_b10
_c20130110
_lUCH01
_h1856
590 _aBATCH-UPD
_b10
_c20130410
_lUCH01
_h1225
590 _aBATCH-UPD
_b10
_c20130914
_lUCH01
_h1902
590 _aBATCH-UPD
_b10
_c20140324
_lUCH01
_h1438
590 _aBATCH-UPD
_b10
_c20141002
_lUCH01
_h0817
590 _aCONVERSION
_b10
_c20130109
_lUCH01
_h1309
590 _aE11695DGD
_b10
_c20131007
_lUCH01
_h1016
590 _aE11695DGD
_b10
_c20140219
_lUCH01
_h1340
650 1 4 _aPastizales
_xManejo.
_985944
650 1 4 _aPastizales
_xMéxico.
_985950
856 _3Finding aid
_uhttp://10.13.5.2/tesis/x15811.pdf
_zTeclea aquí
901 _aBK
942 _cLIBRO
942 _n0
949 _a633.2 H47c
_bBC
_cLIBRO
_d-46266
_eLIBRO
_h15119
_i19821
_mD
_si
999 _c14772
_d14772